25

Доступно только в Электронных читальных залах Найти на картеНа карте
RUSMARC
00004014nac2a22002651x 450
00172194148-10e4-4881-8a2f-f6bf8e1b00f2
00520170728023738.0
100##$a20170511l1935 k y0rusy50 ca
1010#$arus
102##$aRU
105##$ay z |||||
1220#$ad19351127
2001#$a25
$j27.11.1935
215##$a46 листов
251##$cДело
300##$aЗаголовок дела на папке: Протокол № 25 заседания Президиума Центрального Исполнительного Комитета Союза ССР от 27 ноября 1935 г.
300##$aЧасть текста машинописная, часть - напечатана типографским способом
330##$aВходит в раздел описи: Протоколы Заседаний Президиума VII-го созыва /оригиналы/
461#0$1001796d4672-8a00-4986-b488-6e42273792cc
$12001
$aЦЕНТРАЛЬНЫЙ ИСПОЛНИТЕЛЬНЫЙ КОМИТЕТ СССР (ЦИК СССР)
$1251
$cФонд
$1852
$j3316
$gР
462#0$10015593f570-cd62-4a8d-a1d8-0c815fe27ed2
$12001
$aПротоколы заседаний Президиума ЦИК СССР, объединенных заседаний секретариатов ЦИК СССР и ВЦИК и совещаний при председателе ЦИК СССР. 1923-1938 гг.
$vД. 723
$1251
$cОпись
$1852
$j12
5171#$aПротокол № 25 заседания Президиума Центрального Исполнительного Комитета Союза ССР от 27 ноября 1935 г.
60101$3RU\NLR\AUTH\880357276
$aСССР
$bЦИК
801#0$aRU
$bGA_RF
801#1$aRU
$bАО "НПО Опыт"
$c20170511
$2rusmarc
801#2$aRU
$bПБ им. Б.Н. Ельцина
$c20170728
$gRCR
$2rusmarc
852##$aГА РФ
$j723
937##$d100808565
$hПБ
035##$aRuPRLIB51042571
856##$uhttp://readingroom.main.prlib.ru/item.aspx?id_node=n100808565&mode=full
Формат отображения